000 00218nam a22000857a 4500
008 170203b xxu||||| |||| 00| 0 eng d
100 _92767
_aNCERT
245 _aSecondary & Higher Secondary
260 _aNew delhi
_bNCERT
_c2006
999 _c5958
_d5958